|
|
|
|
| LEADER |
00815nta a2200205 i 4500 |
| 001 |
dipl72076 |
| 005 |
20180523105406.0 |
| 008 |
180523s2017 hu om 0|| zxx d |
| 040 |
|
|
|a SZTE Diploma Repozitórium
|b hun
|
| 041 |
|
|
|a zxx
|
| 100 |
1 |
|
|a Timár Krisztina
|
| 245 |
1 |
0 |
|a Növénynövekedést serkentő rhizobaktériumok izolálása és vizsgálata
|h [elektronikus dokumentum] /
|c Krisztina Timár
|
| 246 |
1 |
0 |
|a Isolation and characterisation of plant growth promoting rhizobacteria
|h [elektronikus dokumentum]
|
| 260 |
|
|
|c 2017
|
| 650 |
|
4 |
|a Természettudományok
|
| 650 |
|
4 |
|a Natural sciences
|
| 700 |
0 |
1 |
|a Hargitai Attila
|e ths
|
| 700 |
0 |
1 |
|a Fehér Balázs
|e ths
|
| 700 |
0 |
1 |
|a Pfeiffer Ilona
|e ths
|
| 856 |
4 |
0 |
|u https://diploma.bibl.u-szeged.hu/id/eprint/72076/1/2017_Tim%C3%A1r_Krisztina_F6C417_SZ.pdf
|z Dokumentum-elérés
|